Κατάλογος Βιβλιοθηκών Mediterranean College

Management & Organization (Record no. 975)

MARC details
000 -LEADER
fixed length control field 02541cam a22002294a 4500
005 - ΗΜΕΡΟΜΗΝΙΑ ΚΑΙ ΩΡΑ ΤΕΛΕΥΤΑΙΑΣ ΕΝΗΜΕΡΩΣΗΣ
Πεδίο ελέγχου 20250605163951.0
008 - FIXED-LENGTH DATA ELEMENTS--GENERAL INFORMATION
Πεδίο ελέγχου σταθερού μήκους 250528s ||||||||||||||||||||||||d
035 ## - SYSTEM CONTROL NUMBER
System control number 15391
020 ## - ISBN
ISBN 538074515
040 ## - ΠΗΓΗ ΚΑΤΑΛΟΓΟΓΡΑΦΗΣΗΣ
Φορέας πρωτότυπης καταλογογράφησης MC Athens Campus Library
Γλώσσα καταλογογράφησης Ελληνικά, Μοντέρνα (1453-)
Modifying agency MC Athens Campus Library
Κανόνες περιγραφικής καταλογογράφησης AACR2
245 1# - ΤΙΤΛΟΣ ΚΑΙ ΔΗΛΩΣΗ ΥΠΕΥΘΥΝΟΤΗΤΑΣ
Τίτλος Management & Organization
260 ## - PUBLICATION, DISTRIBUTION, ETC.
Name of publisher, distributor, etc. South-Western,
Date of publication, distribution, etc. 1989
300 ## - PHYSICAL DESCRIPTION
Extent 682
505 0# - FORMATTED CONTENTS NOTE
Formatted contents note Introduction to Management, The Managerial Role, The Evolution of Management Thought, Ethical and Social Responsibilities of Management, Decision Making and Planning, Managerial Decision Making, Fundamentals of Strategic Planning, Implementing the Strategic Planning Process, Production and Operations Management, The Organizing Function, Division of Work and Organization Structure, Authority and Power in Organizations, Delegation and Decentralization of Authority, Staffing in Organizations, Leading, Leadership of Organizational Members, Motivating Organizational Members, Interpersonal and Organizational Communication, Management of Ineffective Performance, The Control Function, Principles of Control, Control Methods and Techniques, Management Information Systems and Control, Managing in Special Settings, Entrepreneurship and Small Business Management, International Management, Individual and Organizational Development, Career Management and Development, Organization Development Change.
520 ## - SUMMARY, ETC.
Summary, etc. Introduction to Management, The Managerial Role, The Evolution of Management Thought, Ethical and Social Responsibilities of Management, Decision Making and Planning, Managerial Decision Making, Fundamentals of Strategic Planning, Implementing the Strategic Planning Process, Production and Operations Management, The Organizing Function, Division of Work and Organization Structure, Authority and Power in Organizations, Delegation and Decentralization of Authority, Staffing in Organizations, Leading, Leadership of Organizational Members, Motivating Organizational Members, Interpersonal and Organizational Communication, Management of Ineffective Performance, The Control Function, Principles of Control, Control Methods and Techniques, Management Information Systems and Control, Managing in Special Settings, Entrepreneurship and Small Business Management, International Management, Individual and Organizational Development, Career Management and Development, Organization Development Change.
700 1# - ΠΡΟΣΘΕΤΗ ΑΝΑΓΡΑΦΗ--ΦΥΣΙΚΟ ΠΡΟΣΩΠΟ
Personal name Dubrin Andrew J
9 (RLIN) 1300
700 1# - ΠΡΟΣΘΕΤΗ ΑΝΑΓΡΑΦΗ--ΦΥΣΙΚΟ ΠΡΟΣΩΠΟ
Personal name Ireland Duane R
9 (RLIN) 1301
700 1# - ΠΡΟΣΘΕΤΗ ΑΝΑΓΡΑΦΗ--ΦΥΣΙΚΟ ΠΡΟΣΩΠΟ
Personal name Williams Clifton J
9 (RLIN) 1302
942 ## - ADDED ENTRY ELEMENTS (KOHA)
Koha item type Books
Holdings
Τύπος τεκμηρίου Βιβλιοθήκη Τρέχουσα τοποθεσία Barcode Αριθμός εισαγωγής Ημερομηνία απόκτησης Ταξιθετικό σύμβολο Αριθμός αντιτύπου Κατάσταση απόσυρσης Κατάσταση χαμένου Κατάσταση κατεστραμμένου Μη δανεισμός Σύνολο δανεισμών Ημερομηνία τελευταίας εμφάνισης Η τιμή ισχύει από
Books MC Athens Campus Library MC Athens Campus Library 9780000009746 1646 05/06/2025 658.4 DUB 1           05/06/2025 05/06/2025

MC Athens Campus Library
Πατησίων 94 & Κοδριγκτώνος 13, 104 34
Πελλήνης 8 & Πατησίων 107, 112 51
Τ: +30 210 8899600

MC Thessaloniki Campus Library
Ίωνος Δραγούμη 21, 54625 | Ίωνος Δραγούμη 15, 54625
Τ: +30 2310 287779 – Τ: +30 2314 440300